Trouve l'intru- football 1 - Statistiques

Statistiques générales
  • Ce quiz a été pris 475 fois
  • Le résultat moyen est 4 sur 5
Statistiques - réponses
Question Réponse % Correct
Trouve l'intru
94%
Trouve l'intru
89%
Trouve l'intru
83%
Trouve l'intru
74%
Trouve l'intru
35%
Aucun quiz correspondant
Distribution des résultats
% des personnes avec chaque résultat
Percentile par nombre de réponses
Votre historique - résultats
Vous n’avez pas pris ce quiz